Estatísticas para Copa do Mundo - Luva de Ouro

Clique aqui para jogar o quiz

Estatísticas Gerais

  • Esse quiz foi jogado 27 vezes
  • A pontuação média é 8 de 21

Estatísticas das Respostas

AnoSeleçãoJogador% Correto
2010EspanhaIker Casillas
100%
2014AlemanhaManuel Neuer
100%
2018BélgicaThibaut Courtois
100%
2006ItáliaGianluigi Buffon
96%
2002AlemanhaOliver Kahn
91%
1998FrançaFabien Barthez
61%
1966InglaterraGordon Banks
48%
1982ItáliaDino Zoff
39%
1974AlemanhaSepp Maier
26%
1978ArgentinaUbaldo Fillol
26%
1994BélgicaMichel Preud'homme
22%
1990ArgentinaSérgio Goycochea
17%
1986AlemanhaHarald Schumacher
13%
1970UruguaiLadislao Mazurkiewicz
13%
1934EspanhaRicardo Zamora
9%
1958Irlanda do NorteHarry Gregg
4%
1930UruguaiEnrique Ballesteros
0%
1938TchecoslováquiaFrantišek Plánička
0%
1954HungriaGyula Grosics
0%
1950UruguaiRoque Máspoli
0%
1962TchecoslováquiaViliam Schrojf
0%

Distribuição das Pontuações

Percentil de Números Respondidos

Porcentagem de Pessoas com Cada Pontuação

Sua Pontuação Histórica

Você não jogou esse quiz